| 000 | 00654nam a2200181Ia 4500 | ||
|---|---|---|---|
| 999 |
_c2732 _d2732 |
||
| 003 | DO-SdBJH | ||
| 005 | 20180417025246.0 | ||
| 008 | 180414s9999 dr 000 0 spa d | ||
| 040 |
_aDO-SdBJH _bspa _cDO-SdBJH |
||
| 090 | _aDM FM 4-0 2009 | ||
| 110 | _aInstituto de Cooperación para la Seguridad Hemisférica | ||
| 245 | 1 | 0 | _aFM 4-0 Sostenimiento / Instituto de Cooperación para la Seguridad Hemisférica |
| 260 | _aFuerte Benning, Georgia : Cuartel General Secretaría del Ejército, 2009 | ||
| 300 | _axiv,113 páginas en varias paginaciones | ||
| 504 | _aIncluye apéndices y glosario | ||
| 650 | 4 | _aSostenimiento -- Guerra | |
| 942 |
_2ddc _cBK |
||